Representacion que la diputacion provincial de Puebla hizo al soberano congreso, en 12 de agosto de 1823.

Detalles Bibliográficos
Formato: Libro
Lenguaje:Undetermined
Spanish
Publicado: Puebla : imprenta liberal de Moreno hermanos, 1823.
Materias:
Colección:Banco de datos
Acervo:Biblioteca Palafoxiana. Colección bibliográfica
Descripción Física:15 p. ; 4°
Tema general:Política
Notas:Número de localización: 13980-Jj
LEADER 00594nam a2200169Ia 4500
008 150723s9999 xx 000 0 und d
041 0 |a spa 
050 0 |a PAFX BR115 .L28 H4 
245 1 0 |a Representacion que la diputacion provincial de Puebla hizo al soberano congreso, en 12 de agosto de 1823. 
260 |a Puebla : imprenta liberal de Moreno hermanos, 1823. 
300 |a 15 p. ; 4° 
500 |a Número de localización: 13980-Jj 
501 |a Encuadernado con 39 obras 
650 1 0 |a Política 
942 |c PALALIB 
943 |g Biblioteca Palafoxiana. Colección bibliográfica 
999 |c 1057507  |d 1057507